|
|
|
|
| LEADER |
00000nam a2200000 4500 |
| 001 |
vtls012068300 |
| 003 |
SK-MaSNL |
| 005 |
20260302024543.0 |
| 008 |
210910s2021 xo o gr 000 1ahrv |
| 015 |
|
|
|a SNBA2024/03
|
| 020 |
|
|
|a 9788057023593
|q (brožované)
|
| 040 |
|
|
|a SNK
|b slo
|c SNK
|e rda
|
| 041 |
0 |
|
|a hrv
|
| 043 |
|
|
|a ac-----
|
| 044 |
|
|
|a xo
|c SK
|
| 072 |
|
7 |
|a 913(5)
|x Geografia Ázie, reálie, cestovanie
|2 konspekt
|
| 080 |
|
|
|a 910.4
|2 2011
|
| 080 |
|
|
|a (235.222)
|2 2011
|
| 080 |
|
|
|a (0:82-992)
|2 2011
|
| 080 |
|
|
|a (0:82-94)
|2 2011
|
| 080 |
|
|
|a 908(5-191.2)
|2 2011
|
| 100 |
1 |
|
|a Furlan, Aleksandra,
|d 1968-
|4 aut
|4 pht
|9 215815
|
| 245 |
1 |
0 |
|a Portal Altaj
|b na pragu pete dimenzije
|c Aleksandra Furlan ; fotografije Martin Luka Malinger, Darinka Vrečko, Aleksandra Furlan
|
| 264 |
|
1 |
|a Bratislava
|b Mgr. Aleksandra Furlan - Amicus
|c 2021
|
| 300 |
|
|
|a 119 strán
|b farebné fotografie
|c 21 cm
|
| 336 |
|
|
|a text
|b txt
|2 rdacontent
|
| 336 |
|
|
|a statický obraz
|b sti
|2 rdacontent
|
| 337 |
|
|
|a bez média
|b n
|2 rdamedia
|
| 338 |
|
|
|a zväzok
|b nc
|2 rdacarrier
|
| 366 |
|
|
|e 500 kusov
|
| 500 |
|
|
|a Obsahuje biografické a profesijné údaje o autorke na záložke prebalu publikácie
|
| 500 |
|
|
|a Obsahuje poznámky
|
| 650 |
0 |
7 |
|a cesty a pobyt
|2 SNKPH
|9 3490
|
| 650 |
0 |
7 |
|a Voyages and travels
|2 SNKPHeng
|9 280379
|
| 650 |
0 |
7 |
|a cestovanie
|2 SNKPH
|9 18846
|
| 650 |
0 |
7 |
|a Travelling
|2 SNKPHeng
|9 274118
|
| 650 |
0 |
7 |
|a reálie
|2 SNKPH
|9 3876
|
| 650 |
0 |
7 |
|a Facts
|2 SNKPHeng
|9 307218
|
| 651 |
|
7 |
|a Altaj (pohorie)
|2 SNKPHgeo
|9 215418
|
| 651 |
|
7 |
|a Altai Mountains
|2 SNKPHeng
|9 56252
|
| 655 |
|
7 |
|a cestopisy
|2 SNKPH
|9 70220
|
| 655 |
|
7 |
|a autobiografické spomienky
|2 SNKPH
|9 70489
|
| 655 |
|
7 |
|a Books of travels
|2 SNKPHeng
|9 280380
|
| 655 |
|
7 |
|a Autobiographical reminiscences
|2 SNKPHeng
|9 302514
|
| 700 |
1 |
|
|a Malinger, Martin Luka
|4 pht
|9 215816
|
| 700 |
1 |
|
|a Vrečko, Darinka
|4 pht
|9 672735
|
| 852 |
|
|
|a Slovenská národná knižnica
|
| 919 |
|
|
|a 978-80-570-2359-3
|
| 954 |
|
|
|a beletria cudzojazyčná (svetová)
|2 lita
|
| 958 |
|
|
|a BC
|
| 999 |
|
|
|c 1040921
|d 1042851
|
| 952 |
|
|
|a SNK
|b SNK
|y PREZ
|7 0
|p 17A1458407
|o snkSC 194177
|i snk2021/12281
|8 0
|0 0
|1 0
|4 0
|d 2021-09-10
|l 0
|r 2025-10-10 00:00:00
|w 2026-02-24
|
| 952 |
|
|
|a SNK
|b SNK
|y VYP
|7 0
|p 17A1458408
|o snkSC 194177 D1
|i snk2021/12282
|8 0
|0 0
|1 0
|4 0
|d 2021-09-10
|l 0
|r 2026-02-24 14:23:12
|w 2026-02-24
|